[Event "Mumbai Wealth op"]
[Site "Mumbai"]
[Date "2016.02.04"]
[Round "8"]
[White "Sameer, Ghotane"]
[Black "Tilak, Sharad S"]
[Result "1-0"]
[WhiteElo "1938"]
[BlackElo "2289"]
[PlyCount "51"]
[EventDate "2016.01.28"]
[EventType "swiss"]
[EventRounds "9"]
[EventCountry "IND"]
[SourceTitle "CBM 170 Extra"]
[Source "ChessBase"]
[SourceDate "2016.02.25"]
[SourceVersion "1"]
[SourceVersionDate "2016.02.25"]
[SourceQuality "1"]

1. d4 Nf6 2. c4 e6 3. Nc3 Bb4 4. Qc2 0-0 5. a3 Bxc3+ 6. Qxc3 b5 7. cxb5 c6 8. Bg5 cxb5 9. e3 Bb7 10. Nf3 a6 11. Bd3 d6 12. 0-0 Nbd7 13. Rfc1 h6 14. Bh4 Qb6 15. Qc7 Rfc8 16. Qxb6 Nxb6 17. Nd2 Na4 18. b3 Nc3 19. Bg3 Rc6 20. Bxd6 Nfe4 21. Nxe4 Nxe4 22. Bb4 a5 23. Be1 Nd6 24. f3 Rxc1 25. Rxc1 Bd5 26. Bg3 1-0

[Event "Mumbai Wealth op"]
[Site "Mumbai"]
[Date "2016.02.01"]
[Round "5"]
[White "Saumil, Nair"]
[Black "Tilak, Sharad S"]
[Result "0-1"]
[WhiteElo "1721"]
[BlackElo "2289"]
[PlyCount "90"]
[EventDate "2016.01.28"]
[EventType "swiss"]
[EventRounds "9"]
[EventCountry "IND"]
[SourceTitle "CBM 170 Extra"]
[Source "ChessBase"]
[SourceDate "2016.02.25"]
[SourceVersion "1"]
[SourceVersionDate "2016.02.25"]
[SourceQuality "1"]

1. e4 c5 2. Nc3 a6 3. f4 b5 4. g3 Bb7 5. Bg2 e6 6. d3 d5 7. Qe2 Nf6 8. e5 Nfd7 9. Nf3 Be7 10. 0-0 0-0 11. Nd1 Nc6 12. Ne3 d4 13. Ng4 Rc8 14. h4 c4 15. dxc4 bxc4 16. Ng5 d3 17. cxd3 Nd4 18. Qd1 Bxg2 19. Kxg2 cxd3 20. Qxd3 Bxg5 21. Qxd4 Be7 22. Ne3 Qc7 23. Qe4 Nc5 24. Qf3 Rfd8 25. Rd1 Nd3 26. Qf1 Nxc1 27. Raxc1 Qb7+ 28. Kh3 h5 29. Rxc8 Rxc8 30. Qg2 Qb5 31. Qf3 g6 32. Qf1 Qxb2 33. Qxa6 Rc3 34. Qa7 Bxh4 35. Qa8+ Kg7 36. Qg2 Qa3 37. Kxh4 Rxe3 38. Qf2 Rf3 39. Qg2 Qe3 40. a4 g5+ 41. fxg5 Qe4+ 42. Kh3 Qf5+ 43. Kh2 Rf2 44. Rd2 Rxg2+ 45. Rxg2 Qxe5 0-1

[Event "Mumbai Mayors Cup 5th"]
[Site "Mumbai"]
[Date "2012.06.08"]
[Round "3"]
[White "Chadaev, Nikolay"]
[Black "Tilak, Sharad S"]
[Result "1-0"]
[WhiteElo "2563"]
[BlackElo "2287"]
[PlyCount "59"]
[EventDate "2012.06.07"]
[EventType "swiss"]
[EventRounds "11"]
[EventCountry "IND"]
[SourceTitle "CBM 148 Extra"]
[Source "ChessBase"]
[SourceDate "2012.06.22"]
[SourceVersion "1"]
[SourceVersionDate "2012.06.22"]
[SourceQuality "1"]

1. e4 c5 2. Nf3 d6 3. c3 Nf6 4. Be2 g6 5. 0-0 Bg7 6. Bb5+ Bd7 7. Bxd7+ Qxd7 8. Re1 0-0 9. d4 cxd4 10. cxd4 d5 11. e5 Ne4 12. Nc3 Nxc3 13. bxc3 Nc6 14. h4 Rac8 15. h5 Nd8 16. Bd2 Ne6 17. Nh4 Rfe8 18. f4 Kh8 19. Qf3 b5 20. f5 gxf5 21. Qxf5 Rg8 22. Rf1 b4 23. cxb4 Qa4 24. Nf3 Qc2 25. Ng5 Nxg5 26. Bxg5 Bh6 27. Qxc2 Rxc2 28. Rfc1 Rxc1+ 29. Bxc1 Bxc1 30. Rxc1 1-0

[Event "New Delhi Parsvnath op 8th"]
[Site "New Delhi"]
[Date "2010.01.15"]
[Round "3"]
[White "Tilak, Sharad S"]
[Black "Deepan Chakkravarthy, J."]
[Result "0-1"]
[WhiteElo "2318"]
[BlackElo "2492"]
[PlyCount "86"]
[EventDate "2010.01.14"]
[EventType "swiss"]
[EventRounds "11"]
[EventCountry "IND"]
[SourceTitle "CBM 134 Extra"]
[Source "ChessBase"]
[SourceDate "2010.03.03"]
[SourceVersion "1"]
[SourceVersionDate "2010.03.03"]
[SourceQuality "1"]

1. e4 c5 2. Nf3 a6 3. c3 e6 4. d4 d5 5. e5 Bd7 6. Be2 Nc6 7. 0-0 Qb6 8. dxc5 Bxc5 9. Nbd2 Qc7 10. Nb3 Ba7 11. Bf4 Nge7 12. Bd3 Ng6 13. Bg3 Rc8 14. Qe2 Qd8 15. Rfe1 0-0 16. Rad1 Qe7 17. Bb1 b5 18. h4 f5 19. exf6 Qxf6 20. Qd3 Rf7 21. Nbd4 e5 22. Nxc6 e4 23. Nxa7 exd3 24. Nxc8 Bxc8 25. Bxd3 Bg4 26. Bxg6 hxg6 27. Rd3 Bxf3 28. Rxf3 Re7 29. Rd1 Qc6 30. Rfd3 Qc4 31. a3 Re1+ 32. Rxe1 Qxd3 33. Re7 Qb1+ 34. Kh2 Qxb2 35. Be5 Qxf2 36. Rxg7+ Kf8 37. Rh7 Qc5 38. Rd7 Ke8 39. Rg7 Qf2 40. Rh7 a5 41. Bc7 d4 42. cxd4 Qxd4 43. Bxa5 Qd6+ 0-1

[Event "Pune op"]
[Site "Pune"]
[Date "2004.09.12"]
[Round "10"]
[White "Barua, Dibyendu"]
[Black "Tilak, Sharad S"]
[Result "1-0"]
[WhiteElo "2532"]
[BlackElo "2319"]
[PlyCount "47"]
[EventDate "2004.09.03"]
[EventType "swiss"]
[EventRounds "10"]
[EventCountry "IND"]
[SourceTitle "CBM 102 Extra"]
[Source "ChessBase"]
[SourceDate "2004.11.03"]
[SourceVersion "1"]
[SourceVersionDate "2004.11.03"]
[SourceQuality "1"]

1. e4 c5 2. Nf3 d6 3. d4 cxd4 4. Nxd4 Nf6 5. Nc3 Nc6 6. Be2 e6 7. 0-0 Be7 8. Be3 a6 9. f4 0-0 10. a4 Qc7 11. Kh1 Bd7 12. Nb3 b6 13. Bf3 Rab8 14. g4 Na5 15. g5 Ne8 16. Bg2 Nc4 17. Bc1 f6 18. Nd4 g6 19. f5 Ng7 20. fxe6 Nxe6 21. Nd5 Qd8 22. gxf6 Bxf6 23. Nxe6 Bxe6 24. Rxf6 1-0

[Event "Commonwealth-ch"]
[Site "Mumbai"]
[Date "2004.01.17"]
[Round "8"]
[White "Tilak, Sharad S"]
[Black "Ravi, Lanka"]
[Result "0-1"]
[WhiteElo "2310"]
[BlackElo "2462"]
[PlyCount "33"]
[EventDate "2004.01.10"]
[EventType "swiss"]
[EventRounds "9"]
[EventCountry "IND"]
[SourceTitle "EXT 2006"]
[Source "ChessBase"]
[SourceDate "2005.11.24"]
[SourceVersion "1"]
[SourceVersionDate "2005.11.24"]
[SourceQuality "1"]

1. e4 c5 2. Nf3 d6 3. Bb5+ Nd7 4. c4 Ngf6 5. Nc3 g6 6. d4 cxd4 7. Nxd4 Bg7 8. 0-0 0-0 9. Bxd7 Bxd7 10. Qe2 Rc8 11. Rd1 Qa5 12. Nc2 Be6 13. Ne3 Qa6 14. Ncd5 Rfe8 15. f3 Bxd5 16. cxd5 Nd7 17. Rb1 0-1

[Event "Commonwealth-ch"]
[Site "Mumbai"]
[Date "2004.01.12"]
[Round "3"]
[White "Syed, Nabeela Farheen"]
[Black "Tilak, Sharad S"]
[Result "0-1"]
[WhiteElo "2083"]
[BlackElo "2310"]
[PlyCount "98"]
[EventDate "2004.01.10"]
[EventType "swiss"]
[EventRounds "9"]
[EventCountry "IND"]
[SourceTitle "EXT 2006"]
[Source "ChessBase"]
[SourceDate "2005.11.24"]
[SourceVersion "1"]
[SourceVersionDate "2005.11.24"]
[SourceQuality "1"]

1. e4 c5 2. Nf3 d6 3. d4 cxd4 4. Nxd4 Nf6 5. Nc3 Nc6 6. Be2 e6 7. 0-0 Be7 8. Kh1 0-0 9. Be3 a6 10. f4 Qc7 11. Qe1 Nxd4 12. Bxd4 b5 13. a3 Nd7 14. f5 Bf6 15. Rd1 Bxd4 16. Rxd4 Nf6 17. Qd2 Bb7 18. Bf3 Rad8 19. Rd1 exf5 20. e5 Ne4 21. Bxe4 Bxe4 22. exd6 Qc6 23. d7 f6 24. Rd6 Qb7 25. Nd5 Bxd5 26. Rxd5 Rf7 27. Qe3 Kf8 28. Qd3 g6 29. h3 Re7 30. Qd2 Kf7 31. b3 Re4 32. Qd3 Qa7 33. Rd6 Qf2 34. Qd5+ Ke7 35. Rxa6 Re1+ 36. Rxe1+ Qxe1+ 37. Kh2 Qe5+ 38. Qxe5+ fxe5 39. Rb6 Rxd7 40. Rxb5 e4 41. Kg3 Rd2 42. Rc5 Kd6 43. Rc3 g5 44. Kh2 f4 45. Kg1 Rd1+ 46. Kf2 e3+ 47. Ke2 Rg1 48. Rd3+ Ke5 49. c3 Rxg2+ 0-1

[Event "Commonwealth-ch"]
[Site "Mumbai"]
[Date "2004.01.11"]
[Round "2"]
[White "Tilak, Sharad S"]
[Black "Hegde, Ravi Gopal"]
[Result "1/2-1/2"]
[WhiteElo "2310"]
[BlackElo "2344"]
[PlyCount "49"]
[EventDate "2004.01.10"]
[EventType "swiss"]
[EventRounds "9"]
[EventCountry "IND"]
[SourceTitle "EXT 2006"]
[Source "ChessBase"]
[SourceDate "2005.11.24"]
[SourceVersion "1"]
[SourceVersionDate "2005.11.24"]
[SourceQuality "1"]

1. e4 g6 2. d4 c6 3. Nc3 d5 4. h3 Bg7 5. Nf3 Nh6 6. Bd3 0-0 7. 0-0 f6 8. Ne2 Nf7 9. c4 dxe4 10. Bxe4 Na6 11. Ng3 f5 12. Bc2 c5 13. dxc5 e5 14. Qxd8 Rxd8 15. Ng5 Nxc5 16. Nxf7 Kxf7 17. Bg5 Re8 18. Rad1 Ne6 19. Bc1 Nd4 20. Ba4 Re7 21. f4 Bd7 22. Bxd7 Rxd7 23. b3 Rad8 24. Bb2 h5 25. Rfe1 1/2-1/2

[Event "Commonwealth-ch"]
[Site "Mumbai"]
[Date "2004.01.10"]
[Round "1"]
[White "Murshed, Niaz"]
[Black "Tilak, Sharad S"]
[Result "1/2-1/2"]
[WhiteElo "2436"]
[BlackElo "2310"]
[PlyCount "60"]
[EventDate "2004.01.10"]
[EventType "swiss"]
[EventRounds "9"]
[EventCountry "IND"]
[SourceTitle "EXT 2006"]
[Source "ChessBase"]
[SourceDate "2005.11.24"]
[SourceVersion "1"]
[SourceVersionDate "2005.11.24"]
[SourceQuality "1"]

1. d4 Nf6 2. Nf3 g6 3. Nc3 d5 4. Bf4 Bg7 5. Qd2 c6 6. e3 0-0 7. h4 Bf5 8. Ne5 Nfd7 9. h5 Nxe5 10. Bxe5 f6 11. Bxb8 Qxb8 12. Bd3 Bxd3 13. Qxd3 f5 14. hxg6 hxg6 15. f4 e6 16. Ne2 Qd6 17. 0-0-0 Rac8 18. Kb1 c5 19. c3 c4 20. Qd2 b5 21. Ng1 b4 22. Nf3 Rc6 23. Ne5 Rb6 24. cxb4 Rxb4 25. Rc1 Rf6 26. Rc2 Ra4 27. g4 Qa6 28. Qh2 Rxa2 29. Qh7+ Kf8 30. Nd7+ Ke8 1/2-1/2

[Event "All India Inter Bank"]
[Site "India"]
[Date "1999.11.??"]
[Round "?"]
[White "Babu, N Sudhakar"]
[Black "Tilak, Sharad S"]
[Result "0-1"]
[WhiteElo "2349"]
[BlackElo "2341"]
[PlyCount "44"]
[EventDate "1999.11.??"]
[EventType "swiss"]
[EventRounds "12"]
[EventCountry "IND"]
[SourceTitle "EXT 2001"]
[Source "ChessBase"]
[SourceDate "2000.11.22"]
[SourceVersion "1"]
[SourceVersionDate "2000.11.22"]
[SourceQuality "1"]

1. d4 Nf6 2. c4 g6 3. Nc3 Bg7 4. e4 d6 5. f3 0-0 6. Bg5 Nbd7 7. Qd2 a6 8. d5 c6 9. Nge2 Ne5 10. Nd4 c5 11. Nc2 b5 12. cxb5 axb5 13. Nxb5 Ba6 14. a4 Nfd7 15. b3 f5 16. exf5 Rxf5 17. f4 Nf7 18. g4 Nxg5 19. fxg5 Rxf1+ 20. Rxf1 Bxa1 21. Nxa1 Bxb5 22. Rf4 Ne5 0-1

[Event "Goodricke op 09th"]
[Site "Kolkata"]
[Date "1998.02.11"]
[Round "6"]
[White "Tilak, Sharad S"]
[Black "Suvrajit, Saha"]
[Result "1/2-1/2"]
[WhiteElo "2315"]
[BlackElo "2375"]
[PlyCount "59"]
[EventDate "1998.02.06"]
[EventType "swiss"]
[EventRounds "11"]
[EventCountry "IND"]
[SourceTitle "CBM 062 Extra"]
[Source "ChessBase"]
[SourceDate "1998.03.09"]
[SourceVersion "1"]
[SourceVersionDate "1998.03.09"]
[SourceQuality "1"]

1. e4 c5 2. Nf3 d6 3. d4 cxd4 4. Nxd4 Nf6 5. Nc3 a6 6. Be2 e5 7. Nb3 Be7 8. 0-0 0-0 9. Kh1 b5 10. a4 Bb7 11. Nd5 Nxd5 12. exd5 b4 13. a5 Nd7 14. Ra4 Nf6 15. Bc4 Rc8 16. Rxb4 Rc7 17. Bg5 Qa8 18. Bxf6 Bxf6 19. Qd3 Rxc4 20. Qxc4 Bxd5 21. Qg4 h5 22. Qh3 Rc8 23. Rd1 Be6 24. Qd3 h4 25. h3 d5 26. Rb6 Rc4 27. Nd2 e4 28. Qb3 Rc8 29. c3 Bd8 30. Qb4 1/2-1/2

[Event "Goodricke op 09th"]
[Site "Kolkata"]
[Date "1998.02.08"]
[Round "3"]
[White "Gokhale, Chandrashekhar"]
[Black "Tilak, Sharad S"]
[Result "1/2-1/2"]
[WhiteElo "2380"]
[BlackElo "2315"]
[PlyCount "83"]
[EventDate "1998.02.06"]
[EventType "swiss"]
[EventRounds "11"]
[EventCountry "IND"]
[SourceTitle "CBM 062 Extra"]
[Source "ChessBase"]
[SourceDate "1998.03.09"]
[SourceVersion "1"]
[SourceVersionDate "1998.03.09"]
[SourceQuality "1"]

1. d4 Nf6 2. Nf3 g6 3. g3 Bg7 4. Bg2 0-0 5. 0-0 d6 6. b3 a5 7. a3 e5 8. dxe5 Nfd7 9. Bb2 Nc6 10. c4 dxe5 11. Nfd2 Nc5 12. Nc3 Bf5 13. Nd5 Nd4 14. e4 Bd7 15. a4 c6 16. Ba3 b6 17. Nc3 f5 18. Ne2 f4 19. Nxd4 exd4 20. Bxc5 bxc5 21. Re1 Be5 22. Nf3 Qf6 23. Nxe5 Qxe5 24. Ra2 h5 25. Rd2 Kg7 26. Rd3 Bg4 27. Qd2 h4 28. f3 Be6 29. g4 Rfb8 30. Bf1 Rb4 31. Be2 Rab8 32. Bd1 g5 33. h3 Bf7 34. Bc2 R8b7 35. Rc1 Kf6 36. Kf2 Re7 37. Qe2 Reb7 38. Re1 Be6 39. Rc1 Rb8 40. Bd1 Rh8 41. Bc2 Bf7 42. Bd1 1/2-1/2

[Event "Goodricke op 09th"]
[Site "Kolkata"]
[Date "1998.02.07"]
[Round "2"]
[White "Tilak, Sharad S"]
[Black "Safira, Shahnaz"]
[Result "1-0"]
[WhiteElo "2315"]
[BlackElo "2135"]
[PlyCount "85"]
[EventDate "1998.02.06"]
[EventType "swiss"]
[EventRounds "11"]
[EventCountry "IND"]
[SourceTitle "CBM 062 Extra"]
[Source "ChessBase"]
[SourceDate "1998.03.09"]
[SourceVersion "1"]
[SourceVersionDate "1998.03.09"]
[SourceQuality "1"]

1. e4 c5 2. Nf3 d6 3. d4 cxd4 4. Nxd4 Nf6 5. Nc3 a6 6. Be2 e6 7. 0-0 Be7 8. f4 Qc7 9. Qe1 Nc6 10. Be3 0-0 11. Qg3 Re8 12. Kh1 Bf8 13. Bd3 Nb4 14. f5 e5 15. Nde2 Bd7 16. Bg5 Be7 17. a3 Nxd3 18. Bxf6 Bxf6 19. Nd5 Qd8 20. cxd3 Bh4 21. Qf3 Rc8 22. Nec3 Bc6 23. g3 Bg5 24. Qf2 Bxd5 25. Nxd5 Rc6 26. h4 Bf6 27. Rac1 Qd7 28. Rc3 Rxc3 29. bxc3 b5 30. g4 Bd8 31. g5 Qc6 32. g6 Qc5 33. gxh7+ Kxh7 34. Qg3 Qxa3 35. Rg1 Rg8 36. Qf3 g6 37. h5 g5 38. f6 Qb2 39. Ne7 Bxe7 40. fxe7 Qb3 41. Qf5+ Kh6 42. Qf6+ Kh7 43. e8Q 1-0

[Event "Goodricke op 07th"]
[Site "Kolkata"]
[Date "1996.??.??"]
[Round "1"]
[White "Joydev, Saha"]
[Black "Tilak, Sharad S"]
[Result "0-1"]
[WhiteElo "2135"]
[BlackElo "2385"]
[PlyCount "76"]
[EventDate "1996.02.??"]
[EventType "swiss"]
[EventRounds "11"]
[EventCountry "IND"]
[SourceTitle "CBM 050 Extra"]
[Source "ChessBase"]
[SourceDate "1996.03.01"]
[SourceVersion "1"]
[SourceVersionDate "1996.03.01"]
[SourceQuality "1"]

1. e4 c5 2. Nf3 e6 3. d4 cxd4 4. Nxd4 Nc6 5. Nc3 Qc7 6. Be2 a6 7. 0-0 Nf6 8. Be3 d6 9. a4 Be7 10. Kh1 0-0 11. f4 Bd7 12. Nb3 b6 13. Bf3 Rab8 14. Qe2 Bc8 15. Rad1 Na5 16. Nxa5 bxa5 17. Bc1 Rb4 18. Rd3 Nd7 19. b3 Nc5 20. Re3 Bf6 21. Na2 Rb8 22. e5 Be7 23. Rc3 Bb7 24. Ba3 dxe5 25. fxe5 Bxf3 26. Rfxf3 Rbd8 27. Rf1 Rd5 28. Re1 Rfd8 29. Re3 Bg5 30. Rc3 Rxe5 31. Qf1 Rxe1 32. Qxe1 Bd2 33. Qg1 Bxc3 34. Bxc5 Qe5 35. h3 Bd4 36. Bxd4 Qxd4 37. Nc1 Qxg1+ 38. Kxg1 Rd1+ 0-1

[Event "IND-ch"]
[Site "Kasaragod"]
[Date "1996.??.??"]
[Round "4"]
[White "Mari Arul, S."]
[Black "Tilak, Sharad S"]
[Result "1-0"]
[WhiteElo "2325"]
[BlackElo "2385"]
[PlyCount "77"]
[EventDate "1996.??.??"]
[EventType "tourn"]
[EventRounds "15"]
[EventCountry "IND"]
[EventCategory "5"]
[SourceTitle "EXT 1998"]
[Source "ChessBase"]
[SourceDate "1997.11.17"]
[SourceVersion "1"]
[SourceVersionDate "1997.11.17"]
[SourceQuality "1"]

1. e4 c5 2. Nf3 e6 3. d4 cxd4 4. Nxd4 Nc6 5. Nb5 d6 6. c4 Nf6 7. N1c3 a6 8. Na3 Be7 9. Be2 0-0 10. 0-0 b6 11. Be3 Bb7 12. Qb3 Nd7 13. Rfd1 Nc5 14. Qc2 Qc7 15. Rac1 Rac8 16. f3 Qb8 17. Bf1 Rfe8 18. Qf2 Ne5 19. Kh1 Bd8 20. Rd2 Bc7 21. Rcd1 Bc6 22. Bd4 Ncd7 23. b4 Bb7 24. Ne2 Bd8 25. Ng3 Ba8 26. Bb2 Be7 27. Nh5 g6 28. Ng3 d5 29. cxd5 Bxb4 30. dxe6 Nf6 31. exf7+ Kxf7 32. Bxa6 Bxd2 33. Bxc8 Bb4 34. Ba6 Bc5 35. Qd2 Re7 36. Nc4 Nc6 37. Qg5 Re6 38. Bb5 Ne7 39. Bxf6 1-0

[Event "Goodricke op 07th"]
[Site "Kolkata"]
[Date "1996.??.??"]
[Round "5"]
[White "Reefat, Bin Sattar"]
[Black "Tilak, Sharad S"]
[Result "1/2-1/2"]
[WhiteElo "2465"]
[BlackElo "2385"]
[PlyCount "57"]
[EventDate "1996.02.??"]
[EventType "swiss"]
[EventRounds "11"]
[EventCountry "IND"]
[SourceTitle "CBM 050 Extra"]
[Source "ChessBase"]
[SourceDate "1996.03.01"]
[SourceVersion "1"]
[SourceVersionDate "1996.03.01"]
[SourceQuality "1"]

1. e4 c5 2. Nf3 e6 3. d4 cxd4 4. Nxd4 Nc6 5. Nc3 Qc7 6. Be3 a6 7. Bd3 Nf6 8. 0-0 Ne5 9. h3 d6 10. Qe2 Be7 11. f4 Ng6 12. a4 0-0 13. Nb3 b6 14. g4 Re8 15. g5 Nd7 16. h4 Bb7 17. h5 Ngf8 18. Rad1 Nc5 19. Nxc5 bxc5 20. Bc4 d5 21. exd5 Bxg5 22. fxg5 Qg3+ 23. Qg2 Qxe3+ 24. Kh1 exd5 25. Bxd5 Bxd5 26. Nxd5 Qe5 27. Qf3 Ra7 28. Qf4 Qxf4 29. Rxf4 1/2-1/2

[Event "Goodricke op 07th"]
[Site "Kolkata"]
[Date "1996.??.??"]
[Round "3"]
[White "Roy Chowdhury, Saptarshi"]
[Black "Tilak, Sharad S"]
[Result "1/2-1/2"]
[WhiteElo "2150"]
[BlackElo "2385"]
[PlyCount "66"]
[EventDate "1996.02.??"]
[EventType "swiss"]
[EventRounds "11"]
[EventCountry "IND"]
[SourceTitle "CBM 050 Extra"]
[Source "ChessBase"]
[SourceDate "1996.03.01"]
[SourceVersion "1"]
[SourceVersionDate "1996.03.01"]
[SourceQuality "1"]

1. e4 c5 2. Nf3 e6 3. d4 cxd4 4. Nxd4 Nc6 5. Nc3 Qc7 6. Be2 a6 7. 0-0 Nf6 8. Be3 Bb4 9. Na4 0-0 10. Nxc6 bxc6 11. Nb6 Rb8 12. Nxc8 Rfxc8 13. Bxa6 Rd8 14. Bd3 Bd6 15. f4 e5 16. f5 Rxb2 17. g4 Qa5 18. g5 Bc5 19. Bxc5 Qxc5+ 20. Kh1 Ne8 21. Qh5 d5 22. Rae1 dxe4 23. Rxe4 Rd4 24. Qf3 Rxe4 25. Bxe4 Nd6 26. Rd1 g6 27. fxg6 hxg6 28. Qf6 Qe3 29. Bxg6 fxg6 30. Qxg6+ Kh8 31. Qh6+ Kg8 32. Qg6+ Kh8 33. Qh6+ Kg8 1/2-1/2

[Event "Goodricke op 07th"]
[Site "Kolkata"]
[Date "1996.??.??"]
[Round "2"]
[White "Tilak, Sharad S"]
[Black "Graf, Alexander"]
[Result "0-1"]
[WhiteElo "2385"]
[BlackElo "2595"]
[PlyCount "46"]
[EventDate "1996.02.??"]
[EventType "swiss"]
[EventRounds "11"]
[EventCountry "IND"]
[SourceTitle "CBM 050 Extra"]
[Source "ChessBase"]
[SourceDate "1996.03.01"]
[SourceVersion "1"]
[SourceVersionDate "1996.03.01"]
[SourceQuality "1"]

1. e4 e6 2. d4 d5 3. e5 c5 4. c3 Nc6 5. Nf3 Bd7 6. Be2 Nge7 7. 0-0 Ng6 8. Re1 Be7 9. Be3 0-0 10. Bd3 Qb6 11. Qd2 cxd4 12. cxd4 Rfc8 13. Nc3 Na5 14. Qe2 Nc4 15. Bc1 Bb4 16. Rb1 Qa5 17. Ng5 Bxc3 18. bxc3 Qxc3 19. Rxb7 Ncxe5 20. Bxg6 Nxg6 21. Rxd7 Qxc1 22. Nxf7 Qc6 23. Rd6 Qc7 0-1

[Event "Sakthi"]
[Site "Sakthi"]
[Date "1996.??.??"]
[Round "10"]
[White "Tilak, Sharad S"]
[Black "Konguvel, Ponnuswamy"]
[Result "1-0"]
[WhiteElo "2385"]
[BlackElo "2395"]
[PlyCount "115"]
[EventDate "1996.??.??"]
[EventType "tourn"]
[EventRounds "11"]
[EventCountry "IND"]
[EventCategory "9"]
[SourceTitle "CBM 053"]
[Source "ChessBase"]
[SourceDate "1996.08.01"]
[SourceVersion "1"]
[SourceVersionDate "1996.08.01"]
[SourceQuality "1"]

1. e4 c5 2. Nf3 Nc6 3. d4 cxd4 4. Nxd4 g6 5. Be2 Bg7 6. Nb3 Nf6 7. Nc3 d6 8. 0-0 Be6 9. Kh1 Rc8 10. f4 a6 11. Be3 0-0 12. g4 Na5 13. g5 Rxc3 14. gxf6 Rxe3 15. fxg7 Re8 16. f5 gxf5 17. exf5 Bd7 18. Nd4 Qb6 19. Rf4 e5 20. fxe6 Bxe6 21. Bd3 Bd5+ 22. Kg1 Be4 23. Qh5 Re7 24. Bxe4 R3xe4 25. Rxe4 Rxe4 26. c3 Qc5 27. Qf3 Qg5+ 28. Kh1 Rf4 29. Qg2 Qxg2+ 30. Kxg2 Kxg7 31. Rd1 Nc4 32. Kg3 Rf6 33. b3 Ne5 34. c4 Rg6+ 35. Kf4 Kf6 36. Ke4 Rg2 37. Kd5 Rxh2 38. Kxd6 Ng4 39. Kc7 Rxa2 40. Kxb7 Ne5 41. c5 h5 42. Rf1+ Kg6 43. Nf3 Nxf3 44. Rxf3 Rc2 45. c6 h4 46. c7 f5 47. c8Q Rxc8 48. Kxc8 Kg5 49. b4 Kg4 50. Ra3 h3 51. Rxa6 h2 52. Ra1 f4 53. b5 Kg3 54. b6 Kg2 55. b7 h1Q 56. Rxh1 Kxh1 57. b8Q f3 58. Qb7 1-0

[Event "IND-ch"]
[Site "Kasaragod"]
[Date "1996.??.??"]
[Round "2"]
[White "Tilak, Sharad S"]
[Black "Koshy, Varugeese"]
[Result "0-1"]
[WhiteElo "2385"]
[BlackElo "2410"]
[PlyCount "46"]
[EventDate "1996.??.??"]
[EventType "tourn"]
[EventRounds "15"]
[EventCountry "IND"]
[EventCategory "5"]
[SourceTitle "EXT 1998"]
[Source "ChessBase"]
[SourceDate "1997.11.17"]
[SourceVersion "1"]
[SourceVersionDate "1997.11.17"]
[SourceQuality "1"]

1. e4 g6 2. d4 Bg7 3. Be3 d6 4. c4 e5 5. Ne2 Nd7 6. Nbc3 Ne7 7. Qd2 0-0 8. f3 f5 9. Bg5 Nf6 10. dxe5 dxe5 11. Qxd8 Rxd8 12. f4 h6 13. Bh4 Kf7 14. fxe5 Nxe4 15. Nxe4 fxe4 16. Nc3 Bxe5 17. Be2 Re8 18. Bg3 Nf5 19. Bxe5 Rxe5 20. 0-0 Kg7 21. Rf4 Nd4 22. Bf1 Bf5 23. g4 Ne6 0-1

[Event "Sakthi"]
[Site "Sakthi"]
[Date "1996.??.??"]
[Round "2"]
[White "Tilak, Sharad S"]
[Black "Koshy, Varugeese"]
[Result "1/2-1/2"]
[WhiteElo "2385"]
[BlackElo "2410"]
[PlyCount "22"]
[EventDate "1996.??.??"]
[EventType "tourn"]
[EventRounds "11"]
[EventCountry "IND"]
[EventCategory "9"]
[SourceTitle "CBM 053"]
[Source "ChessBase"]
[SourceDate "1996.08.01"]
[SourceVersion "1"]
[SourceVersionDate "1996.08.01"]
[SourceQuality "1"]

1. e4 d6 2. d4 Nf6 3. Nc3 e5 4. Nf3 Nbd7 5. Bc4 Be7 6. 0-0 0-0 7. Re1 c6 8. a4 b6 9. d5 Bb7 10. Qe2 cxd5 11. exd5 a6 1/2-1/2

[Event "IND-chB 34th"]
[Site "Chennai"]
[Date "1996.??.??"]
[Round "11"]
[White "Tilak, Sharad S"]
[Black "Mohanty, Pabitra M"]
[Result "1-0"]
[WhiteElo "2385"]
[BlackElo "2265"]
[PlyCount "74"]
[EventDate "1996.??.??"]
[EventType "swiss"]
[EventRounds "12"]
[EventCountry "IND"]
[SourceTitle "EXT 2001"]
[Source "ChessBase"]
[SourceDate "2000.11.22"]
[SourceVersion "1"]
[SourceVersionDate "2000.11.22"]
[SourceQuality "1"]

1. e4 c5 2. Nf3 e6 3. d4 cxd4 4. Nxd4 a6 5. Nc3 Qc7 6. Be3 Nc6 7. Bd3 Nf6 8. 0-0 b5 9. Kh1 Bb7 10. a3 Nxd4 11. Bxd4 e5 12. Be3 Be7 13. f4 d6 14. Qf3 h5 15. Nd5 Bxd5 16. exd5 e4 17. Bxe4 Qc4 18. Bd3 Qxd5 19. Qxd5 Nxd5 20. Bd2 Nc7 21. Rfe1 Kd7 22. Bf5+ Ne6 23. Be4 Rac8 24. c3 g6 25. f5 Nc5 26. Bc2 gxf5 27. Bxf5+ Ne6 28. a4 Rc5 29. Rf1 Rb8 30. Be3 Re5 31. Ba7 Rg8 32. axb5 axb5 33. b4 Ra8 34. Bd3 Rg5 35. Bb6 Rag8 36. Ra2 Bd8 37. Bxd8 Nxd8 1-0